|
|
|
|
| LEADER |
00000nab a2200000ua 4500 |
| 001 |
vtls010849138 |
| 003 |
SK-MaSNL |
| 005 |
20260303225114.0 |
| 008 |
230218s2010 xo |||||||||||||||||eng| |
| 035 |
|
|
|a (urnnbn)urn:nbn:sk:snk:ar-a0794l
|
| 035 |
|
|
|a urn:nbn:sk:snk-ab69wm
|
| 035 |
|
|
|a (uuid)94d42ad1-86ee-4646-944a-70966c08f80f
|
| 040 |
|
|
|a SNKBUCL
|b slo
|c SNKBUCL
|e AACR2
|
| 041 |
0 |
|
|a eng
|
| 044 |
|
|
|a xo
|c SK
|
| 100 |
1 |
|
|a Munoz, Francisco
|4 aut
|9 1261493
|
| 245 |
1 |
0 |
|a ANALYSIS OF ACOUSTIC ATTENUATION SPECTRA OF LIPON GLASSES
|c Francisco Munoz, Peter Bury, Peter Hockicko, Peter Sidor
|
| 700 |
1 |
|
|a Bury, Peter,
|d 1949-
|4 aut
|9 242060
|
| 700 |
1 |
|
|a Hockicko, Peter,
|d 1973-
|4 aut
|9 161250
|
| 700 |
1 |
|
|a Sidor, Peter
|4 aut
|9 830286
|
| 773 |
0 |
|
|t Komunikácie : vedecké listy Žilinskej univerzity
|g Roč. 12, č. 2 (2010), s. 38-42
|
| 958 |
|
|
|a OND
|
| 958 |
|
|
|a EUIPO
|
| 958 |
|
|
|a article5
|
| 999 |
|
|
|c 2255705
|d 2257635
|